000 01013nam a2200241Ia 4500
001 15717
003 GE_BSU
008 181216s||||||||xx |||||||||||||| ||und||
040 _cGE_BSU
080 _a821.353.1 + 821.353.1-2
100 _aწერეთელი, ა. (აკაკი, 1840-1915)
245 _aთხზულებანი : სრული კრებული 7 ტომად. ტ. 5
245 _bდრამატიული ნაწერები
245 _cი. გრიშაშვილის რედ.. მხ. ლადო გრიგოლია
260 _aთბილისი
260 _bსახელგამი
260 _c1949
300 _a584გვ.25სმ.
300 _eდანართი: რედაქტორის შენიშვნები ი. გრიშაშვილი. გვ. 543-580
653 _aდრამატიული ნაწერები
653 _aთხზულებანი
942 _cBK
999 _c48815
_d48815